[Event "Foment Martinenc op-C 20th"]
[Site "Barcelona"]
[Date "2018.05.05"]
[Round "3"]
[White "Vidal Martinez, Albert"]
[Black "Rius Navarro, Marc"]
[Result "1-0"]
[WhiteElo "1488"]
[BlackElo "1600"]
[PlyCount "83"]
[EventDate "2018.04.21"]
[EventType "swiss"]
[EventRounds "9"]
[EventCountry "ESP"]
[SourceTitle "CBM 184 Extra"]
[Source "ChessBase"]
[SourceDate "2018.06.28"]
[SourceVersion "1"]
[SourceVersionDate "2018.06.28"]
[SourceQuality "1"]

1. e4 e5 2. Nf3 Nc6 3. Bc4 Bc5 4. c3 Bb6 5. Bb3 Nge7 6. d3 0-0 7. Nbd2 d6 8. Nf1 Bg4 9. h3 Bxf3 10. Qxf3 Qd7 11. Ng3 a6 12. 0-0 Ba7 13. Bg5 h6 14. Bxe7 Qxe7 15. Nf5 Qd8 16. Rad1 b5 17. Bd5 Qd7 18. Bxc6 Qxc6 19. Ne7+ Kh8 20. Nxc6 f6 21. d4 exd4 22. cxd4 Bb6 23. Ne7 Rfe8 24. Nf5 Kh7 25. Rfe1 Rad8 26. Qg3 Rg8 27. Ne7 Rge8 28. Nf5 Rg8 29. e5 fxe5 30. dxe5 d5 31. Ne7 Rge8 32. Nxd5 Ba5 33. b4 Bb6 34. Re4 Ba7 35. Rg4 Rg8 36. e6 c6 37. e7 Rxd5 38. Rxd5 cxd5 39. Qd3+ Kh8 40. Qg6 d4 41. e8Q Rxe8 42. Qxg7# 1-0